000 00429 a2200121 4500
082 _aMIT-2
100 _a Kashif Sharif
245 _aPerformance Evaluation and Enhancement of Mobile Adhoc Routing Protocols
_c Kashif Sharif
260 _a Islamabad,
_bNUST School of Electrical Engineering & Computer Science,
_c2004.
300 _a xvi, 147 p. :
_bill. ;
_c27 cm.
500 _aSupervisor : Mr. Nadeem Ahmad.
942 _cPR
_kMIT-2 KAS
999 _c9281
_d9281